Statistics for Scottish Landmarks

Click here to take the quiz!

General Stats

  • This quiz has been taken 11 times
  • The average score is 8 of 12

Answer Stats

Answer% Correct
Edinburgh Castle
100%
John O' Groats
90%
Falkirk Wheel
80%
Loch Lomond
80%
The Kelpies
80%
Wallace Monument
60%
Buchanan Street
50%
Glenfinnan Viaduct
50%
OVO Hydro
50%
M&D's
40%
Parliament Building
40%
Scott Monument
40%

Score Distribution

Percentile by Number Answered

Percent of People with Each Score

Your Score History

You have not taken this quiz